[Event "21st ch-EUR Indiv 2021"]
[Site "Reykjavik ISL"]
[Date "2021.09.01"]
[Round "7.6"]
[White "Mamedov, Nidjat"]
[Black "Lagarde, Maxime"]
[Result "1-0"]
[WhiteTitle "GM"]
[BlackTitle "GM"]
[WhiteElo "2595"]
[BlackElo "2631"]
[WhiteFideId "13400819"]
[BlackFideId "662399"]
[EventDate "2021.08.26"]

1. e4 c5 2. Nf3 e6 3. Nc3 Nc6 4. Bb5 Na5 5. a4 a6 6. Be2 d5 7. exd5 exd5 8. d4
c4 9. Ne5 f6 10. Bh5+ g6 11. Nxg6 hxg6 12. Bxg6+ Kd7 13. Nxd5 Ne7 14. Nxf6+ Ke6
15. Qg4+ Kxf6 16. Qg5+ Ke6 17. Qe5+ Kd7 18. Bf7 Rh4 19. d5 Qb6 20. Be3 Qb4+ 21.
c3 Qb3 22. Qe6+ Kc7 23. d6+ Kc6 24. Be8+ 1-0

[Event "21st ch-EUR Indiv 2021"]
[Site "Reykjavik ISL"]
[Date "2021.09.01"]
[Round "7.7"]
[White "Romanov, Evgeny"]
[Black "Vocaturo, Daniele"]
[Result "1-0"]
[WhiteTitle "GM"]
[BlackTitle "GM"]
[WhiteElo "2594"]
[BlackElo "2630"]
[WhiteFideId "4148843"]
[BlackFideId "813192"]
[EventDate "2021.08.26"]

1. e4 c5 2. Nf3 d6 3. Bb5+ Nd7 4. d4 cxd4 5. Nxd4 Nf6 6. O-O g6 7. Re1 Bg7 8.
Bf1 O-O 9. c4 b6 10. Nc3 Bb7 11. Bg5 a6 12. Qd2 e6 13. Nb3 Nc5 14. Nxc5 bxc5 15.
Rad1 Qb6 16. Qxd6 Qxb2 17. Na4 Qxa2 18. Nxc5 Bc8 19. Qc6 Rb8 20. h3 Qa5 21. e5
Ne8 22. Be7 Qb6 23. Qxb6 Rxb6 24. Nd7 Rc6 25. Nxf8 Bxf8 26. Rd8 1-0

[Event "21st ch-EUR Indiv 2021"]
[Site "Reykjavik ISL"]
[Date "2021.09.01"]
[Round "7.8"]
[White "Yilmaz, Mustafa"]
[Black "Grigorian, Spartak"]
[Result "1-0"]
[WhiteTitle "GM"]
[BlackTitle "IM"]
[WhiteElo "2630"]
[BlackElo "2448"]
[WhiteFideId "6302718"]
[BlackFideId "24661490"]
[EventDate "2021.08.26"]

1. d4 Nf6 2. c4 g6 3. Nc3 d5 4. Nf3 Bg7 5. Qb3 dxc4 6. Qxc4 a6 7. Bf4 b5 8. Qxc7
Qxc7 9. Bxc7 O-O 10. e3 Bb7 11. Bd3 Rc8 12. Bg3 Nbd7 13. O-O Nh5 14. Bh4 e5 15.
Be4 Bxe4 16. Nxe4 Rc2 17. g4 f5 18. gxf5 gxf5 19. Nd6 e4 20. Ng5 h6 21. Ne6 Rc6
22. Nxg7 Nxg7 23. Bg3 Rc2 24. Rab1 Ra7 25. f3 Nf6 26. fxe4 Nxe4 27. Nxe4 fxe4
28. Rf2 Rc6 29. Rbf1 Ra8 30. Be5 Rg6+ 31. Rg2 Rxg2+ 32. Kxg2 Rc8 33. Rf6 Rc2+
34. Kh3 Ne8 35. Rxh6 Rxb2 36. Rxa6 Kf7 37. Kg4 Re2 38. Kf4 Rxh2 39. Kxe4 b4 1-0

[Event "21st ch-EUR Indiv 2021"]
[Site "Reykjavik ISL"]
[Date "2021.09.01"]
[Round "7.9"]
[White "Sanal, Vahap"]
[Black "Erdos, Viktor"]
[Result "1/2-1/2"]
[WhiteTitle "GM"]
[BlackTitle "GM"]
[WhiteElo "2557"]
[BlackElo "2614"]
[WhiteFideId "6300545"]
[BlackFideId "719978"]
[EventDate "2021.08.26"]

1. e4 e5 2. Nc3 Nf6 3. Bc4 Nc6 4. d3 Na5 5. Nge2 Bc5 6. O-O c6 7. a4 Nxc4 8.
dxc4 O-O 9. Qd3 Re8 10. b3 d6 11. h3 Be6 12. Rd1 a5 13. Qf3 Nd7 14. Be3 Qf6 15.
Qg3 Qe7 16. Bxc5 Nxc5 17. Qf3 g6 18. Rd2 Rad8 19. Rad1 Bc8 20. Qe3 Kg7 21. Kh2
f6 22. Qg3 Kf7 23. Qe3 Kg7 24. Qg3 Kf7 25. Kh1 Kg7 26. Kg1 Kf7 27. f3 Kg7 28.
Qf2 Qc7 29. Ng3 Ne6 30. Nce2 Ng5 31. h4 Nf7 32. h5 Nh6 33. Qe3 g5 34. Nf1 Ng8
35. Rd3 h6 36. g4 Ne7 37. Qd2 d5 38. cxd5 cxd5 39. exd5 e4 40. fxe4 Bxg4 41. Ne3
Qb6 42. Rf1 f5 43. Kh1 Bxe2 44. Qxe2 fxe4 45. Rdd1 Rf8 46. Rxf8 Rxf8 47. d6 Nc6
48. d7 Qc7 49. Ng4 Qf4 50. Re1 e3 51. Qg2 Qd6 52. Rxe3 Qxd7 53. Rd3 Qe6 54. Re3
Qd7 55. Qe2 Qf7 56. Kg1 Qxh5 57. Rd3 Qe8 58. Qd2 Qe6 59. Rd7+ Kg8 60. Qd5 Qxd5
61. Nxh6+ Kh8 62. Rxd5 Kg7 63. Ng4 Kg6 64. Kg2 Rf4 65. Ne3 Re4 66. Kf3 Rf4+ 67.
Kg2 Re4 68. Kf3 Rf4+ 69. Kg3 Nd4 70. Kg2 Nf5 71. Nxf5 Rxf5 72. Rd6+ 1/2-1/2

[Event "21st ch-EUR Indiv 2021"]
[Site "Reykjavik ISL"]
[Date "2021.09.01"]
[Round "7.10"]
[White "Sargissian, Gabriel"]
[Black "Antipov, Mikhail Al."]
[Result "1-0"]
[WhiteTitle "GM"]
[BlackTitle "GM"]
[WhiteElo "2682"]
[BlackElo "2607"]
[WhiteFideId "13300881"]
[BlackFideId "4107012"]
[EventDate "2021.08.26"]

1. Nf3 Nf6 2. c4 c5 3. Nc3 g6 4. d4 cxd4 5. Nxd4 Nc6 6. e4 d6 7. f3 Bg7 8. Be3
O-O 9. Be2 Nh5 10. g3 a5 11. Ndb5 Nf6 12. O-O Nd7 13. Qc2 Nb4 14. Qd2 Nc5 15.
Bh6 Bxh6 16. Qxh6 a4 17. Rad1 f6 18. h4 Be6 19. Qe3 Qb6 20. Kg2 Rae8 21. Rd2 Kg7
22. f4 Qd8 23. h5 Qc8 24. Rh1 Bf7 25. h6+ Kg8 26. Rb1 Be6 27. b3 axb3 28. axb3
Bd7 29. Bf3 Bc6 30. Na4 Nxa4 31. bxa4 Na6 32. Na7 Qc7 33. Nxc6 Qxc6 34. e5 Qxa4
35. exd6 exd6 36. Qb6 Kh8 37. Qxb7 Rg8 38. Qb2 1-0

[Event "21st ch-EUR Indiv 2021"]
[Site "Reykjavik ISL"]
[Date "2021.09.01"]
[Round "7.11"]
[White "Bluebaum, Matthias"]
[Black "Huschenbeth, Niclas"]
[Result "1/2-1/2"]
[WhiteTitle "GM"]
[BlackTitle "GM"]
[WhiteElo "2674"]
[BlackElo "2592"]
[WhiteFideId "24651516"]
[BlackFideId "24604747"]
[EventDate "2021.08.26"]

1. d4 Nf6 2. Nf3 d5 3. Bf4 e6 4. e3 Bd6 5. Ne5 O-O 6. Nd2 c5 7. c3 Qc7 8. Bd3
Nc6 9. Ndf3 Ne7 10. O-O b6 11. Rc1 Bb7 12. Nd2 Nc6 13. Nxc6 Bxf4 14. exf4 Bxc6
15. Qf3 Rac8 16. Qe3 Bb7 17. Nf3 Ne4 18. Ng5 Rfd8 19. Rfd1 h6 20. Nxe4 dxe4 21.
Bxe4 Bxe4 22. Qxe4 cxd4 23. Rxd4 Rxd4 24. Qxd4 Rd8 25. Qe3 Qd6 26. g3 Qd2 27.
Qxd2 1/2-1/2

[Event "21st ch-EUR Indiv 2021"]
[Site "Reykjavik ISL"]
[Date "2021.09.01"]
[Round "7.12"]
[White "Grandelius, Nils"]
[Black "Thybo, Jesper Sondergaard"]
[Result "1-0"]
[WhiteTitle "GM"]
[BlackTitle "GM"]
[WhiteElo "2666"]
[BlackElo "2587"]
[WhiteFideId "1710400"]
[BlackFideId "1438832"]
[EventDate "2021.08.26"]

1. d4 Nf6 2. Nf3 d5 3. Bf4 c5 4. e3 Nc6 5. Nbd2 e6 6. c3 cxd4 7. exd4 Nh5 8. Be3
Bd6 9. Ne5 Nf6 10. Ndf3 Qc7 11. Bd3 O-O 12. O-O Nxe5 13. dxe5 Bxe5 14. Nxe5 Qxe5
15. Bd4 Qh5 16. Qe1 Re8 17. Bxf6 gxf6 18. f4 Kh8 19. Rf3 Rg8 20. Qe3 e5 21. fxe5
fxe5 22. Raf1 Rg7 23. Bf5 Qg5 24. Qxg5 Rxg5 25. Bxc8 Rxc8 26. Rxf7 Rg7 27. Rf8+
Rg8 28. R8f7 Rg7 29. Rf8+ Rg8 30. Rxc8 Rxc8 31. Rf7 b5 32. Rxa7 d4 33. cxd4 exd4
34. b4 d3 35. Rd7 Rc3 36. Kf2 Ra3 37. Kf3 h6 38. Rd5 Rxa2 39. Rxd3 Rb2 40. Rd4
Kg7 41. h4 h5 42. g3 Rb3+ 43. Kg2 Kf6 44. Rd5 Rb2+ 45. Kh3 Rxb4 46. Rxh5 Kg6 47.
Rg5+ Kh6 48. Rd5 Kg6 49. Rd6+ Kg7 50. Rb6 Rb1 51. Kg4 b4 52. Kg5 b3 53. Rb7+ 1-0

[Event "21st ch-EUR Indiv 2021"]
[Site "Reykjavik ISL"]
[Date "2021.09.01"]
[Round "7.13"]
[White "Abasov, Nijat"]
[Black "Ivic, Velimir"]
[Result "1/2-1/2"]
[WhiteTitle "GM"]
[BlackTitle "GM"]
[WhiteElo "2656"]
[BlackElo "2571"]
[WhiteFideId "13402960"]
[BlackFideId "950122"]
[EventDate "2021.08.26"]

1. e4 e5 2. Bc4 Nf6 3. d3 Nc6 4. Nc3 Bb4 5. Bg5 h6 6. Bxf6 Qxf6 7. Ne2 Na5 8.
O-O Bxc3 9. Nxc3 Nxc4 10. dxc4 d6 11. Nd5 Qd8 12. Qh5 O-O 13. Rad1 f5 14. c5
fxe4 15. cxd6 cxd6 16. Qe2 Bf5 17. Qc4 Be6 18. Qxe4 Rc8 19. c4 Qd7 20. b3 Kh8
21. a4 Rf5 22. Rd2 Rcf8 23. f3 Rg5 24. Qe3 Bxd5 25. Rxd5 Rf6 26. Rf2 Qf5 27. Qe4
Qc8 28. Qd3 Qf8 29. Kf1 Rg4 30. Qe3 Rgf4 31. Rdd2 b6 32. Kg1 h5 33. h3 h4 34. a5
bxa5 35. c5 dxc5 36. Rd5 Qf7 37. Rxe5 a4 38. bxa4 Qg6 39. Qxc5 Rxa4 40. Rh5+ Kg8
41. Rg5 Qb1+ 42. Rf1 Qb6 43. Qxb6 axb6 44. Rc1 Kh7 45. Rc7 Rg6 46. Rxg6 Kxg6 47.
Rc6+ Kf5 48. Rxb6 Ra1+ 49. Kh2 g5 50. Rb5+ Kf6 51. f4 gxf4 52. Rh5 f3 53. Rxh4
fxg2 54. Kxg2 Ke5 1/2-1/2

[Event "21st ch-EUR Indiv 2021"]
[Site "Reykjavik ISL"]
[Date "2021.09.01"]
[Round "7.14"]
[White "Saric, Ivan"]
[Black "Van Foreest, Lucas"]
[Result "1/2-1/2"]
[WhiteTitle "GM"]
[BlackTitle "GM"]
[WhiteElo "2653"]
[BlackElo "2544"]
[WhiteFideId "14508150"]
[BlackFideId "1039792"]
[EventDate "2021.08.26"]

1. e4 e5 2. Nf3 Nf6 3. Nxe5 d6 4. Nf3 Nxe4 5. d4 d5 6. Bd3 Bd6 7. O-O O-O 8. c4
c6 9. Re1 Bf5 10. cxd5 cxd5 11. Nc3 Nxc3 12. bxc3 Qc8 13. Rb1 Bxd3 14. Qxd3 Nd7
15. Bg5 f6 16. Bd2 Nb6 17. Nh4 Re8 18. Nf5 Bf8 19. Ne3 Qc6 20. h4 Re7 21. Rb5
Nc4 22. Rbb1 Nd6 23. h5 Rae8 24. f3 Re6 25. a4 Qxa4 26. Nxd5 Rxe1+ 27. Bxe1 Qc4
28. Qxc4 Nxc4 29. Bg3 Rd8 30. Nc7 b6 31. Kf2 Kf7 32. Ke2 Bd6 33. Bxd6 Rxd6 34.
Nb5 Rd7 35. Kd3 Ne5+ 36. Ke4 Nc4 37. Ra1 a5 38. Ra4 Nb2 39. Ra2 Nc4 40. g4 Ke7
41. f4 Nd6+ 42. Nxd6 Kxd6 43. Kf5 Ke7 44. Re2+ Kf7 45. Rb2 Re7 46. g5 g6+ 47.
hxg6+ hxg6+ 48. Kg4 Re6 49. d5 Re3 50. gxf6 Rxc3 51. Rxb6 Rd3 52. Rb5 Kxf6 53.
Rxa5 Rd4 54. Ra6+ Kf7 55. Rd6 Rd1 56. Kf3 Ke7 57. Re6+ Kd7 58. Re5 Kd6 59. Re6+
Kd7 60. Rxg6 Rxd5 61. Kg4 Ke7 62. Rg5 Rd1 63. Rf5 Ke6 64. Re5+ 1/2-1/2

[Event "21st ch-EUR Indiv 2021"]
[Site "Reykjavik ISL"]
[Date "2021.09.01"]
[Round "7.15"]
[White "Paichadze, Luka"]
[Black "Sarana, Alexey"]
[Result "0-1"]
[WhiteTitle "GM"]
[BlackTitle "GM"]
[WhiteElo "2564"]
[BlackElo "2643"]
[WhiteFideId "13602934"]
[BlackFideId "24133795"]
[EventDate "2021.08.26"]

1. e4 c5 2. Nc3 d6 3. d4 cxd4 4. Qxd4 Nc6 5. Qd2 g6 6. b3 Bh6 7. f4 Nf6 8. Bb2
e5 9. g3 O-O 10. O-O-O Nh5 11. Kb1 exf4 12. Nd5 Ne5 13. Nxf4 Bg4 14. Be2 Nxf4
15. gxf4 Qh4 16. Qxd6 Bg7 17. Bxe5 Rad8 18. Qb4 Rxd1+ 19. Bxd1 Bxe5 20. Bxg4
Qxg4 21. Ne2 Bf6 22. Qe1 Re8 23. Rg1 Qf3 24. Ng3 Qxf4 25. Nh5 Qe5 26. Nxf6+ Qxf6
27. Rg4 Qf3 28. Qh4 Qd1+ 29. Kb2 Qe2 30. Qh3 Rxe4 31. Rg5 Qe3 32. Qc8+ Re8 33.
Qg4 Rd8 34. Rb5 b6 35. a4 Rd2 36. h4 Kg7 37. a5 a6 38. Rxb6 Qe5+ 39. Kc1 Rf2 40.
Qa4 Qc3 0-1

[Event "21st ch-EUR Indiv 2021"]
[Site "Reykjavik ISL"]
[Date "2021.09.01"]
[Round "7.16"]
[White "Deac, Bogdan-Daniel"]
[Black "Ferreira, Jorge Viterbo"]
[Result "1-0"]
[WhiteTitle "GM"]
[BlackTitle "GM"]
[WhiteElo "2639"]
[BlackElo "2520"]
[WhiteFideId "1226380"]
[BlackFideId "1910850"]
[EventDate "2021.08.26"]

1. d4 Nf6 2. c4 e6 3. Nf3 Bb4+ 4. Bd2 Qe7 5. g3 Nc6 6. e3 Bxd2+ 7. Qxd2 O-O 8.
Bg2 d6 9. Nc3 e5 10. O-O e4 11. Ng5 Bf5 12. h4 Rae8 13. Rac1 h6 14. Nh3 Nb8 15.
Nd5 Nxd5 16. cxd5 c6 17. dxc6 bxc6 18. b4 d5 19. b5 Qd7 20. bxc6 Nxc6 21. Kh2
Nd8 22. Qa5 Ne6 23. Nf4 Nxf4 24. Rc7 Qe6 25. exf4 Rb8 26. Rfc1 Rb2 27. R1c6 Qe8
28. Qxd5 Be6 29. Qxe4 Rxf2 30. Rc2 Rxc2 31. Qxc2 Qd8 32. Qc5 Qb8 33. Rb7 Qd8 34.
Rxa7 Qf6 35. a4 Qg6 36. Ra8 Rxa8 37. Bxa8 Qg4 38. Bg2 Qe2 39. a5 Bc4 40. d5 Qa2
41. d6 Bf1 42. Qd5 1-0

[Event "21st ch-EUR Indiv 2021"]
[Site "Reykjavik ISL"]
[Date "2021.09.01"]
[Round "7.17"]
[White "Pantsulaia, Levan"]
[Black "Hovhannisyan, Robert"]
[Result "1/2-1/2"]
[WhiteTitle "GM"]
[BlackTitle "GM"]
[WhiteElo "2564"]
[BlackElo "2626"]
[WhiteFideId "13602071"]
[BlackFideId "13302507"]
[EventDate "2021.08.26"]

1. c4 c6 2. e4 d5 3. exd5 cxd5 4. cxd5 Nf6 5. Qa4+ Nbd7 6. Nc3 g6 7. Nf3 Bg7 8.
Bc4 O-O 9. d3 a6 10. Qa3 b6 11. O-O Bb7 12. Re1 Re8 13. Ng5 Rc8 14. d6 e6 15.
Bf4 b5 16. Bb3 Nc5 17. Rad1 Qb6 18. Qb4 Nh5 19. Be5 Bxe5 20. Rxe5 Qxd6 21. d4
Ne4 22. Qxd6 Nxd6 23. f3 Rcd8 24. Rc5 Nf6 25. Rc7 Rc8 26. Rxc8 Nxc8 27. Nce4
Nxe4 28. Nxe4 Bxe4 29. fxe4 a5 30. Kf2 Nd6 31. e5 a4 32. Bc2 Nc4 33. b3 axb3 34.
axb3 Na5 35. Ra1 Nc6 36. Ke3 Rd8 37. Rd1 Kg7 38. h3 Rd7 39. Be4 Nb4 40. Ra1 f5
41. exf6+ Kxf6 42. Rf1+ Kg5 43. Rf8 1/2-1/2

[Event "21st ch-EUR Indiv 2021"]
[Site "Reykjavik ISL"]
[Date "2021.09.01"]
[Round "7.18"]
[White "Stefansson, Hannes"]
[Black "Ter-Sahakyan, Samvel"]
[Result "1/2-1/2"]
[WhiteTitle "GM"]
[BlackTitle "GM"]
[WhiteElo "2519"]
[BlackElo "2624"]
[WhiteFideId "2300087"]
[BlackFideId "13302531"]
[EventDate "2021.08.26"]

1. d4 Nf6 2. c4 e6 3. Nf3 d5 4. g3 dxc4 5. Bg2 c6 6. O-O b5 7. Ne5 Bb7 8. a4 a6
9. b3 cxb3 10. Bb2 Nbd7 11. Nxc6 Qb6 12. axb5 axb5 13. Rxa8+ Bxa8 14. Qc1 Bd6
15. Nd2 O-O 16. Nxb3 Kh8 17. Ne5 Bxg2 18. Kxg2 Bxe5 19. dxe5 Qb7+ 20. Kg1 Nd5
21. Bd4 Rc8 22. Qd2 h6 23. f4 Ne7 24. Qd3 Qd5 25. e4 Qc4 26. Qe3 Ra8 27. Rc1 Qb4
28. Qc3 Qxc3 29. Rxc3 Ra3 30. Kf2 b4 31. Rd3 Nc6 32. Ke3 Ra2 33. Rd2 Ra3 34. Rd3
Ra2 35. Rd2 Ra3 36. Rd3 Ra2 1/2-1/2

[Event "21st ch-EUR Indiv 2021"]
[Site "Reykjavik ISL"]
[Date "2021.09.01"]
[Round "7.19"]
[White "Fridman, Daniel"]
[Black "Quparadze, Giga"]
[Result "1/2-1/2"]
[WhiteTitle "GM"]
[BlackTitle "GM"]
[WhiteElo "2621"]
[BlackElo "2476"]
[WhiteFideId "11600454"]
[BlackFideId "13602250"]
[EventDate "2021.08.26"]

1. Nf3 Nf6 2. c4 e6 3. Nc3 Bb4 4. Qc2 b6 5. e4 Bxc3 6. dxc3 d6 7. e5 dxe5 8.
Nxe5 O-O 9. Bg5 Bb7 10. Bd3 h6 11. Bh4 Qd6 12. f4 Nbd7 13. Bxf6 Nxf6 14. O-O-O
Qe7 15. Rhe1 Rfd8 16. g3 Nd7 17. Bh7+ Kh8 18. Rxd7 Rxd7 19. Bg6 Qe8 20. Qa4 b5
21. Qxb5 c6 22. Bxf7 Rxf7 23. Nxf7+ Qxf7 24. Qa5 e5 25. Qxe5 Qxc4 26. b3 Qf7 27.
Qe7 Kg8 28. Kb2 a5 29. a4 Ba6 30. c4 Rb8 31. Kc3 Rc8 32. Qe6 Qxe6 33. Rxe6 Kf7
34. Rd6 Rc7 35. b4 axb4+ 36. Kxb4 c5+ 37. Kb3 Bb7 38. a5 Bc6 39. a6 Ke7 40. Rg6
Kd8 41. f5 Be8 42. Rd6+ Kc8 43. g4 Re7 44. f6 Re3+ 45. Kb2 gxf6 46. Rxf6 Re2+
47. Kb3 h5 48. gxh5 Re3+ 49. Kb2 Bxh5 50. Rf5 Be8 51. Rxc5+ Kb8 52. Ra5 Ka7 53.
Ra3 Re2+ 54. Kc3 Rxh2 55. Kb4 Rh6 56. Re3 Bc6 57. Ra3 Bd7 58. Rd3 Bc8 59. Rd8
Bxa6 60. Rd7+ Kb8 61. Rd4 Kc7 62. Kc5 Rh1 63. Rd5 Bb7 64. Rg5 Bc8 65. Re5 Bd7
66. Rg5 Rh4 67. Re5 Rf4 68. Kd5 Ba4 69. Re7+ Kc8 70. Re3 Bd1 71. Kc5 Bh5 72. Rd3
Bf7 73. Rd4 Rf5+ 74. Kd6 Rf1 75. Ke7 Bh5 76. Kd6 Kb7 77. Kc5 Kc7 78. Kb5 Bf7 79.
Re4 Rf5+ 80. Kb4 Kc6 81. Rh4 Rf6 82. Rd4 Rf1 83. Re4 Rb1+ 84. Kc3 Kd6 85. Kc2
Rf1 86. Kc3 Be6 87. Kb4 Rf3 88. Rd4+ Ke5 89. Rh4 Bf5 90. Kc5 Rb3 91. Rh1 Rb8 92.
Re1+ Be4 93. Rd1 Rc8+ 94. Kb4 Kf4 95. Kc3 Ra8 96. Rf1+ Bf3 97. Re1 Rd8 98. Re7
Be4 99. Rf7+ Ke3 100. Re7 Rd1 101. Re8 Rc1+ 102. Kb4 Kf4 103. Rf8+ Bf5 104. Kc5
Ke5 105. Rh8 Be6 106. Rh4 Bf7 107. Rg4 Rh1 108. Rg5+ Kf4 109. Rg7 1/2-1/2

[Event "21st ch-EUR Indiv 2021"]
[Site "Reykjavik ISL"]
[Date "2021.09.01"]
[Round "7.20"]
[White "Sebenik, Matej"]
[Black "Gajewski, Grzegorz"]
[Result "1/2-1/2"]
[WhiteTitle "GM"]
[BlackTitle "GM"]
[WhiteElo "2492"]
[BlackElo "2617"]
[WhiteFideId "14602296"]
[BlackFideId "1116207"]
[EventDate "2021.08.26"]

1. Nf3 d5 2. d4 Nf6 3. c4 e6 4. Nc3 c6 5. e3 Nbd7 6. Be2 Bd6 7. O-O O-O 8. b3 b6
9. Bb2 Bb7 10. Bd3 c5 11. cxd5 exd5 12. Bf5 Re8 13. Rc1 c4 14. bxc4 dxc4 15. Re1
a6 16. e4 Bf4 17. Rc2 b5 18. a3 g6 19. Bxd7 Nxd7 20. Bc1 Qf6 21. e5 Qf5 22. Nh4
Qg5 23. Bxf4 Qxf4 24. g3 Qh6 25. Ne4 Bxe4 26. Rxe4 Nf6 27. Re1 Nd5 28. Qg4 Qg7
29. f4 f5 30. Qf3 Rad8 31. g4 fxg4 32. Qxg4 Qa7 33. Kh1 Kh8 34. Rg2 Ne7 35. Qg5
Qd7 36. Qf6+ Kg8 37. f5 Rf8 38. Qxa6 Nxf5 39. Nxg6 hxg6 40. Qxg6+ Kh8 41. e6 Qh7
42. e7 Nxe7 43. Qxh7+ Kxh7 44. Rxe7+ Kh6 45. Re6+ Kh7 46. Re7+ 1/2-1/2

[Event "21st ch-EUR Indiv 2021"]
[Site "Reykjavik ISL"]
[Date "2021.09.01"]
[Round "7.21"]
[White "Kacharava, Nikolozi"]
[Black "Bosiocic, Marin"]
[Result "1-0"]
[WhiteTitle "IM"]
[BlackTitle "GM"]
[WhiteElo "2453"]
[BlackElo "2610"]
[WhiteFideId "13611860"]
[BlackFideId "14507927"]
[EventDate "2021.08.26"]

1. e4 e5 2. Nf3 Nc6 3. Bc4 Bc5 4. c3 Nf6 5. d4 exd4 6. e5 d5 7. Bb5 Ne4 8. cxd4
Bb6 9. Nc3 O-O 10. Be3 Bg4 11. h3 Bh5 12. Qc2 Nxc3 13. bxc3 f6 14. exf6 Qxf6 15.
Be2 Bg6 16. Qd2 Be4 17. O-O h6 18. Nh2 Rae8 19. Bb5 Bf5 20. Rfe1 Qg6 21. Kh1 Re6
22. f3 Na5 23. Ng4 c6 24. Bf1 Bxg4 25. hxg4 h5 26. Bd3 Qf7 27. Qf2 Bd8 28. Bf5
Ree8 29. Qc2 hxg4 30. Bh7+ Kh8 31. Bg6 Qf6 32. Bxe8 Qh4+ 33. Kg1 gxf3 34. Bf2
Qf4 35. g3 Qd6 36. Re5 g5 37. Rae1 1-0

[Event "21st ch-EUR Indiv 2021"]
[Site "Reykjavik ISL"]
[Date "2021.09.01"]
[Round "7.22"]
[White "Lupulescu, Constantin"]
[Black "Kobo, Ori"]
[Result "1/2-1/2"]
[WhiteTitle "GM"]
[BlackTitle "GM"]
[WhiteElo "2659"]
[BlackElo "2490"]
[WhiteFideId "1207822"]
[BlackFideId "2812320"]
[EventDate "2021.08.26"]

1. e4 c5 2. Nf3 e6 3. d4 cxd4 4. Nxd4 Nc6 5. Nc3 Qc7 6. Qd3 Nf6 7. Ndb5 Qb8 8.
Qg3 d6 9. Be3 a6 10. Nd4 h5 11. h4 Ne5 12. a4 Qc7 13. Be2 Bd7 14. O-O Be7 15.
Bg5 Rc8 16. Nf3 Neg4 17. Nd2 Qc5 18. Nb3 Qc6 19. f3 Ne5 20. Kh1 Nc4 21. Bxc4
Qxc4 22. Rfd1 Qc7 23. a5 Kf8 24. Rd2 Bc6 25. Rad1 Ne8 26. Rd4 Bxg5 27. Qxg5 Rh6
28. Qg3 Rg6 29. Qf2 Qe7 30. Nd2 d5 31. exd5 exd5 32. Nb3 Nc7 33. Ne2 Re8 34. Nf4
Rf6 35. Nxh5 Rh6 36. Ng3 Rxh4+ 37. Rxh4 Qxh4+ 38. Kg1 Ne6 39. Re1 Qg5 40. Ne2
Bb5 41. Nbd4 Bxe2 42. Qxe2 Qh4 43. Nf5 Qf4 1/2-1/2

[Event "21st ch-EUR Indiv 2021"]
[Site "Reykjavik ISL"]
[Date "2021.09.01"]
[Round "7.23"]
[White "Ftacnik, Lubomir"]
[Black "Martirosyan, Haik M."]
[Result "1/2-1/2"]
[WhiteTitle "GM"]
[BlackTitle "GM"]
[WhiteElo "2513"]
[BlackElo "2632"]
[WhiteFideId "14900017"]
[BlackFideId "13306553"]
[EventDate "2021.08.26"]

1. Nf3 c5 2. c4 Nc6 3. Nc3 g6 4. e3 Bg7 5. d4 d6 6. Be2 Nf6 7. d5 Na5 8. O-O O-O
9. h3 e5 10. a3 b6 11. b4 Nb7 12. Qc2 e4 13. Nd2 Re8 14. Bb2 h5 15. f3 exf3 16.
Rxf3 Nh7 17. Nce4 Re5 18. Raf1 f5 19. Rg3 Qe8 20. Bxh5 gxh5 21. Nf3 fxe4 22.
Nxe5 dxe5 23. Qxe4 Bg4 24. d6 Nxd6 25. Qd5+ Kh8 26. Qxd6 Ng5 27. hxg4 Ne4 28.
Qc7 Nxg3 29. Rf7 Rc8 30. Qb7 Rb8 31. Qc7 Rc8 32. Qb7 Rb8 33. Qc7 1/2-1/2

[Event "21st ch-EUR Indiv 2021"]
[Site "Reykjavik ISL"]
[Date "2021.09.01"]
[Round "7.24"]
[White "Banusz, Tamas"]
[Black "Blohberger, Felix"]
[Result "1-0"]
[WhiteTitle "GM"]
[BlackTitle "IM"]
[WhiteElo "2631"]
[BlackElo "2502"]
[WhiteFideId "722413"]
[BlackFideId "1632051"]
[EventDate "2021.08.26"]

1. Nf3 d5 2. g3 Nc6 3. d4 Bf5 4. Bg2 Nb4 5. Na3 e6 6. O-O Nc6 7. Nb1 Nb4 8. Ne1
Nf6 9. c3 Na6 10. Bg5 Be7 11. Nd2 O-O 12. Bxf6 Bxf6 13. e4 dxe4 14. Nxe4 Bxe4
15. Bxe4 Rb8 16. Nd3 g6 17. h4 Bg7 18. Qe2 Qe7 19. Qe3 Rfc8 20. b4 c6 21. h5 Nc7
22. hxg6 hxg6 23. Kg2 Nd5 24. Bxd5 cxd5 25. Rac1 Rc6 26. Ne5 Ra6 27. Rh1 Rc8 28.
Rh3 Rxa2 29. g4 Ra3 30. g5 Kf8 31. Ng4 e5 32. Nxe5 Bxe5 33. dxe5 Qe6 34. Qf4 Rc4
35. Qf6 Rg4+ 36. Kh2 Qxf6 37. gxf6 Ke8 38. Rd1 Kd7 39. Rxd5+ Ke6 40. Rc5 Ra2 41.
Rf3 Re2 42. Kh3 Ree4 43. Rc7 Rgf4 44. Rxf4 Rxf4 45. Kg3 g5 46. Re7+ Kf5 47. Rxf7
Kxe5 48. Rxb7 Kxf6 49. Rxa7 Rc4 50. Ra3 1-0

[Event "21st ch-EUR Indiv 2021"]
[Site "Reykjavik ISL"]
[Date "2021.09.01"]
[Round "7.25"]
[White "Svane, Rasmus"]
[Black "Petenyi, Tamas"]
[Result "1-0"]
[WhiteTitle "GM"]
[BlackTitle "IM"]
[WhiteElo "2615"]
[BlackElo "2463"]
[WhiteFideId "4657101"]
[BlackFideId "14909090"]
[EventDate "2021.08.26"]

1. e4 e5 2. Nf3 Nc6 3. Bc4 Bc5 4. c3 Bb6 5. d4 exd4 6. cxd4 d6 7. Bb5 Bd7 8. Nc3
Nge7 9. O-O a6 10. Bc4 O-O 11. h3 Ba7 12. a3 b5 13. Ba2 b4 14. axb4 Nxb4 15. Bc4
c6 16. Bg5 Bb6 17. Re1 a5 18. d5 h6 19. Bh4 cxd5 20. Nxd5 Nbxd5 21. Bxd5 Ra7 22.
e5 g5 23. Bg3 Nxd5 24. Qxd5 Be6 25. Qxd6 Rd7 26. Qc6 Rd3 27. Ra3 Rxa3 28. bxa3
Ba7 29. Qa4 Qb6 30. h4 g4 31. Nd2 Rc8 32. Qf4 Kh7 33. Ne4 Qd4 34. Qf6 Qd8 35.
Qf4 Qd4 36. Kh2 Bb6 37. Nf6+ Kg6 38. Re4 Qd1 39. h5+ Kg7 40. Nxg4 Rh8 41. Qf6+
Kh7 42. Qxh6+ 1-0

[Event "21st ch-EUR Indiv 2021"]
[Site "Reykjavik ISL"]
[Date "2021.09.01"]
[Round "7.27"]
[White "Parligras, Mircea-Emilian"]
[Black "Gavrilescu, David"]
[Result "1-0"]
[WhiteTitle "GM"]
[BlackTitle "IM"]
[WhiteElo "2591"]
[BlackElo "2477"]
[WhiteFideId "1204297"]
[BlackFideId "1227190"]
[EventDate "2021.08.26"]

1. d4 Nf6 2. c4 e6 3. Nc3 Bb4 4. e3 O-O 5. Bd3 d5 6. Ne2 dxc4 7. Bxc4 c5 8. a3
Bxc3+ 9. bxc3 Qc7 10. Ba2 b6 11. O-O Ba6 12. Bb2 Nc6 13. Rc1 Rfd8 14. c4 cxd4
15. exd4 Na5 16. d5 Bxc4 17. Bxf6 gxf6 18. Bxc4 Nxc4 19. Ng3 exd5 20. Nh5 Kh8
21. Re1 Qd6 22. Qd4 Ne5 23. Qf4 Rg8 24. Nxf6 Rg6 25. Nh5 Re8 26. Qd4 f6 27. Re3
Reg8 28. Nf4 Rg4 29. g3 Ng6 30. Nxg6+ R4xg6 31. Rce1 Rg4 32. Qd3 d4 33. Re6 Qd8
34. h3 R4g5 35. Kh2 Rh5 36. Qf3 Re5 37. R1xe5 fxe5 38. Qe4 Rg5 39. Qc6 Rg8 40.
Rxe5 Qf8 41. Kg2 Rg6 42. Qe4 Qd6 43. Rd5 1-0